Windows 10 For Seniors / (Record no. 175342)

MARC details
000 -LEADER
fixed length control field 01508nam a22004091i 4500
003 - CONTROL NUMBER IDENTIFIER
control field OSt
005 - DATE AND TIME OF LATEST TRANSACTION
control field 20191209155842.0
008 - FIXED-LENGTH DATA ELEMENTS--GENERAL INFORMATION
fixed length control field 191209t20182018njua|||er|||| 001 0 eng d
020 ## - INTERNATIONAL STANDARD BOOK NUMBER
International Standard Book Number 9781119469858
Terms of availability RM 125.75
Qualifying information paperback
040 ## - CATALOGING SOURCE
Original cataloging agency PPAK
Language of cataloging eng
Transcribing agency PPAK
Description conventions rda
082 04 - DEWEY DECIMAL CLASSIFICATION NUMBER
Edition number 23
Classification number 005.446
090 00 - LOCALLY ASSIGNED LC-TYPE CALL NUMBER (OCLC); LOCAL CALL NUMBER (RLIN)
Classification number (OCLC) (R) ; Classification number, CALL (RLIN) (NR) 005.446
Feature heading WEV
Feature heading R
100 1# - MAIN ENTRY--PERSONAL NAME
Personal name Weverka, Peter,
Relator term author.
245 10 - TITLE STATEMENT
Title Windows 10 For Seniors /
Statement of responsibility, etc. by Peter Weverka.
246 3# - VARYING FORM OF TITLE
Title proper/short title Windows 10 for seniors for dummies
Title proper/short title Windows ten for seniors
250 ## - EDITION STATEMENT
Edition statement 3rd edition.
264 #1 - PRODUCTION, PUBLICATION, DISTRIBUTION, MANUFACTURE, AND COPYRIGHT NOTICE
Place of production, publication, distribution, manufacture Hoboken, New Jersey :
Name of producer, publisher, distributor, manufacturer John Wiley & Sons, Inc.,
Date of production, publication, distribution, manufacture, or copyright notice 2018
Date of production, publication, distribution, manufacture, or copyright notice ©2018
300 ## - PHYSICAL DESCRIPTION
Extent vii, 302 pages :
Other physical details illustrations ;
Dimensions 24 cm.
336 ## - CONTENT TYPE
Content type term text
Source rdacontent
Content type term still image
Source rdacontent
337 ## - MEDIA TYPE
Media type term unmediated
Source rdamedia
338 ## - CARRIER TYPE
Carrier type term volume
Source rdacarrier
490 1# - SERIES STATEMENT
Series statement For dummies
500 ## - GENERAL NOTE
General note Includes index.
General note "Learning made easy"--Cover.
520 ## - SUMMARY, ETC.
Summary, etc. With Windows 10 For Seniors For Dummies, getting familiar with Windows 10 is a painless process. If you're interested in learning the basics of this operating system without having to dig through confusing computer jargon, look no further.
630 00 - SUBJECT ADDED ENTRY--UNIFORM TITLE
Uniform title Microsoft Windows (Computer file)
650 #0 - SUBJECT ADDED ENTRY--TOPICAL TERM
Topical term or geographic name entry element Windows (Computer programs)
Topical term or geographic name entry element Operating systems (Computers)
Topical term or geographic name entry element Computers and older people.
655 ## - INDEX TERM--GENRE/FORM
Genre/form data or focus term Handbooks and manuals.
700 1# - ADDED ENTRY--PERSONAL NAME
Personal name Karlins, David,
Relator term author.
830 #0 - SERIES ADDED ENTRY--UNIFORM TITLE
Uniform title For dummies.
942 ## - ADDED ENTRY ELEMENTS (KOHA)
Source of classification or shelving scheme Dewey Decimal Classification
Koha item type Book
Holdings
Withdrawn Not for loan Current library Shelving location Date acquired Full call number Barcode Date last seen Koha item type
  Not For Loan Perpustakaan Alor Setar Rujukan Dewasa 22/12/2019 R 005.446 WEV A01622934 22/12/2019 Book
  Not For Loan Perpustakaan Awam Sungai Petani Rujukan Dewasa 22/12/2019 R 005.446 WEV A01622935 22/12/2019 Book
  Not For Loan Perpustakaan Baling Rujukan Dewasa 22/12/2019 R 005.446 WEV A01622939 22/12/2019 Book
  Not For Loan Perpustakaan Bandar Baharu Rujukan Dewasa 22/12/2019 R 005.446 WEV A01622940 22/12/2019 Book
  Not For Loan Perpustakaan Jitra Rujukan Dewasa 22/12/2019 R 005.446 WEV A01622936 22/12/2019 Book
  Not For Loan Perpustakaan Kulim Rujukan Dewasa 22/12/2019 R 005.446 WEV A01622937 22/12/2019 Book
  Not For Loan Perpustakaan Langkawi Rujukan Dewasa 22/12/2019 R 005.446 WEV A01622938 22/12/2019 Book